| 000 | 01794cam a22002534i 4500 | ||
|---|---|---|---|
| 001 | 18747947 | ||
| 003 | OSt | ||
| 005 | 20260109111810.0 | ||
| 008 | 150818s2015 dcu 001 0 eng | ||
| 020 | _a9780231704502 | ||
| 040 | _c. | ||
| 082 | _a303.66 LUN | ||
| 245 | 0 | 0 |
_aAcross the lines of conflict : _bfacilitating cooperation to build peace / _cedited by Michael Lund and Steve McDonald. |
| 264 | 1 |
_aWashington, D.C : _bWoodrow Wilson Center Press/Columbia University Press, New York , _c2015 |
|
| 300 |
_axxvi, 414 p. _c24 cm |
||
| 505 | _aContents: Foreword / Lee H. Hamilton; Preface / Steve McDonald; Intrastate conflicts and the problem of political will / Michael Lund; Unofficial conflict resolution and sustainable peace / Michael Lund; Estonia: psychopolitical dialogue contributing to conflict prevention / Susan H. Allen; Can dialogues change the course of a small nation? The social cohesion program in Guyana / Michael Lund; Tajikistan: peace secured, but the state of our dreams? / Anna Mateeva; Sri LankaL when negotiations fail; talks for the sake of talks; war for the sake of peace / Hannes Siebert with Chanya Charles; The Harvard study group on Cyprus: contributions to an unfulfilled peace process / Diana Chigas; The Burundi leadership training program / Susanna Campbell and Peter Uvin; Learning from case studies: impacts and explanations / Michael Lund; Contemporary implications: from trust-building to institution-building / Michael Lund | ||
| 650 | 0 |
_aPeace-building _vCase studies. |
|
| 650 | 0 |
_aConflict management _vCase studies. |
|
| 650 | 0 |
_aReconciliation _vCase studies. |
|
| 700 | 1 |
_aLund, Michael S., _d1941- _eeditor. |
|
| 700 | 1 |
_aMcDonald, Steve, _d1945- _eeditor. |
|
| 942 |
_2ddc _cBK |
||
| 999 |
_c40350 _d40350 |
||